01331nam a2200193Ia 4500999001500000020001800015082002200033245010000055260004200155300001200197500006500209520058000274650005700854700002000911700001800931700001700949942001200966952015900978 c9425d9425 a9788186844861 a338.9270545bSOC- 0aSociety and Sustainable Development in Himalayan Statesb: perspectives, problems and prospects aDehradunbWinsar Publishing Co.c2016 ax, 221p aPapers presented at VII Annual National Conference SAUK 2016 aKeeping the multiple aspects of problems, prospects and development of the Himalayan region in mind the Sociological Association of Uttarakhand declared, society & sustainable development in Himalayan state: perspectives, problems and prospects as the theme of its 7th annual national conference organised by DAV (PG) College, Dehradun, Uttarakhand on 24th & 25th February 2016. This publication is the collection of papers presented in this conference. These paper discuss problems of Himalayan states especially Uttarakhand and various prospects of sustainable development. aSociologyvSocio-Economic vSustainable Development  aDwivedi, Satyam aSharma, Onima aPal, Archana cBK2ddc 00104070aNASSDOCbNASSDOCd2018-08-02eGifted by : M.S. Secretariat, ICSSRi2018-07-05l0o338.9270545 SOC-p49958r2019-04-18 00:00:00w2019-04-18yBK